Pribudnú štyri terminály

Do roku 2013 majú byť na Slovensku vybudované štyri veľké terminály intermodálnej prepravy medzinárodného významu. Logistické centrá ako základné body dopravnej siete intermodálnej prepravy. Po roku 1989 sa dovtedy existujúci systém kombinovanej dopravy, tzv. kontajnerový prepravný systém stal zasta...

Descrizione completa

Salvato in:
Dettagli Bibliografici
Autore principale: Prikryl, Pavol
Natura: Capitolo di libro
Lingua:slovacco
Soggetti:
Tags: Aggiungi Tag
Nessun Tag, puoi essere il primo ad aggiungerne!!

MARC

LEADER 00000naa$a2200000$$$4500
001 0057529
005 20231128092459.5
041 0 |a slo 
044 |a SK 
245 1 0 |a Pribudnú štyri terminály  |c Pavol Prikryl 
520 |a Do roku 2013 majú byť na Slovensku vybudované štyri veľké terminály intermodálnej prepravy medzinárodného významu. Logistické centrá ako základné body dopravnej siete intermodálnej prepravy. Po roku 1989 sa dovtedy existujúci systém kombinovanej dopravy, tzv. kontajnerový prepravný systém stal zastaraným. Podmienky pre terminál intermodálnej dopravy. Lokality sú vybrané - Bratislava, Žilina, Zvolen, Košice. Financovanie intermodálych terminálov, európske financie. 
610 2 0 |a doprava kombinovaná 
610 2 0 |a Slovensko 
610 2 0 |a terminály 
610 2 0 |a financovanie 
610 2 0 |a Európska únia 
100 1 |a Prikryl, Pavol